Java T.1

Bewaard in:
Bibliografische gegevens
Hoofdauteur: Phương Lan
Andere auteurs: Hoàng Đức Hải
Formaat: Boek
Taal:Vietnamese
Gepubliceerd in: H. Lao Động 2007
Onderwerpen:
Tags: Voeg label toe
Geen labels, Wees de eerste die dit record labelt!
Thư viện lưu trữ: Trung tâm Học liệu Lê Vũ Hùng, Trường Đại học Đồng Tháp
LEADER 00819pam a22002538a 4500
001 00024342
005 20171026081023.0
008 110717s2007 ||||||viesd
020 |c 49000 
041 0 # |a vie 
082 1 # |a 005.362  |b J100V 
100 0 # |a Phương Lan 
245 0 0 |a Java  |c Phương Lan ch.b; Hoàng Đức Hải  |n T.1 
260 # # |a H.  |b Lao Động  |c 2007 
300 # # |a 270tr.  |b hình vẽ  |c 29 cm.  |e 1 CD 
650 |a Chương trình máy tính 
650 |a Ngôn ngữ lập trình Java 
700 1 # |a Hoàng Đức Hải 
773 |t Java  |w 30145  |d H.  |d Lao Động  |d 2007  |o DPT.0000081 
852 # # |b Kho đọc  |j KD.0009703 
852 # # |j KD.0009703 
910 # # |a Ntuyet  |d 17/07/2011 
980 # # |a Trung tâm Học liệu Lê Vũ Hùng, Trường Đại học Đồng Tháp